Cuatro tesis acerca de una gestión pública nacional y popular (Registro nro. 32330)

Detalles MARC
000 -LEADER
fixed length control field 00342 a2200109 4500
001 - CONTROL NUMBER
control field ART_47246
005 - DATE AND TIME OF LATEST TRANSACTION
control field 20260410162012.0
008 - FIXED-LENGTH DATA ELEMENTS--GENERAL INFORMATION
fixed length control field 260409a
100 1# - MAIN ENTRY--PERSONAL NAME
Personal name Cao, Horacio
245 10 - TITLE STATEMENT
Title Cuatro tesis acerca de una gestión pública nacional y popular
773 0# - HOST ITEM ENTRY
Title Realidad económica
Related parts - Nº 260 (mayo/jun. 2011)
Record control number REV39723

No hay ítems disponibles.